• 首页
  • 本馆介绍
  • 公告通知
  • 最新文献
  • 馆藏检索
  • 电子资源
  • 读者导购
  • 参考咨询
  • 我的图书馆
  • 登录
  • 详细信息显示
  • 放入我的书架
  • 预约/预借图书
  • 作者相关作品
  • 分类相关作品
  • 丛书相关作品
  • 出版社相关作品

书目信息

  • 表格格式
  • 工作单格式
  • 卡片格式
题名:
《杜十娘》与《舞女》
    
 
作者: 何文林 著
分册:  
出版信息: 石家庄   河北教育出版社  1999.05
页数: 363页
开本: 20cm
丛书名:
单 册:
中图分类: I106-53
科图分类:
主题词: 文学--世界
电子资源:
ISBN: 7-5434-3509-8
000 00628nam0 2200205 450
001 0735027750
005 20070126094516.29
010    @a7-5434-3509-8@dCNY13.80
100    @a20070126d1999 km y0chiy0120 ea
101 0  @achi
102    @aCN@b130000
200 1  @a《杜十娘》与《舞女》@A《du shi niang》yu《wu nu》@e东方文学评论集@f何文林著@Fhe wen lin zhu
210    @a石家庄@c河北教育出版社@d1999.05
215    @a363页@d20cm
517 1  @a东方文学评论集@Adong fang wen xue ping lun ji
606 0  @a文学@x世界
690    @aI106-53@v3
701  0 @a何文林@Ahe wen lin@4著
801  0 @aCN@bPFT@c20070126
905    @a10447@dI106-53@e180
    
    《杜十娘》与《舞女》:东方文学评论集/何文林著.-石家庄:河北教育出版社,1999.05
    363页;20cm
    
    
    ISBN 7-5434-3509-8:CNY13.80
    
●
相关链接 在E读中查询图书 在五车中查询图书 在当当中查询图书 在豆瓣中查询图书


正题名:《杜十娘》与《舞女》     索取号:I106-53/180         预约/预借

序号 登录号 条形码 馆藏地/架位号 状态 备注
1 0507069   205070698   第一样本阅览室/ [索取号:I106-53/180] 在馆    
2 0507070   205070705   第二借阅区/ [索取号:I106-53/180] 在馆    
3 0507071   205070714   第二借阅区/ [索取号:I106-53/180] 在馆    
4 0507072   205070723   第二借阅区/ [索取号:I106-53/180] 在馆    
5 0507073   205070732   第二借阅区/ [索取号:I106-53/180] 在馆    
唐山师范学院图书馆 欢迎您!
大连网信软件有限公司© 版权所有